Khazanah silam : 1001 petua-petua ajaib

Bibliographic Details
Corporate Author: Title
Other Authors: Norizan Abu Samah, Puan Haiza Noor
Format: Book
Published: Kuala Lumpur : Jasmine Enterprise , 2005
Subjects:

MARC

LEADER 00000cam a2200000 7i4500
001 0000012490
005 20071218.0
008 071218
020 |a 9839045938 
090 0 0 |a 615.8820899923   |b SER 
245 1 0 |a Khazanah silam :   |b 1001 petua-petua ajaib   |c Penyusun Norizan Abu Samah dan Puan Haiza Noor 
246 0 |a Khazanah silam   |b seribu satu petua-petua ajaib 
260 |a Kuala Lumpur :   |b Jasmine Enterprise ,   |c 2005 
650 0 |a Malay fiction 
650 0 |a Traditional medicine   |x Formula, receipts, prescrptions 
700 0 |a Norizan Abu Samah 
700 0 |a Puan Haiza Noor 
710 0 |a Title 
999 |a 0001007702   |b Book   |c Adult Collection   |e Perbadanan Perpustakaan Awam Johor 
999 |a 0001009534   |b Book   |c Adult Collection   |e Perbadanan Perpustakaan Awam Johor 
999 |a 0001009535   |b Book   |c Adult Collection   |e Perbadanan Perpustakaan Awam Johor 
999 |a 0001009536   |b Book   |c Adult Collection   |e Cawangan Bandar Penawar